|
|
|
|
| LEADER |
00000nab a2200000 a 4500 |
| 001 |
vtls010541411 |
| 003 |
SK-MaSNL |
| 005 |
20260318115343.0 |
| 008 |
130909c2013 xo w| 000 0|hun |
| 015 |
|
|
|a SNBRB2013/08
|
| 038 |
|
|
|a DSZK
|
| 040 |
|
|
|a DSZK
|b slo
|c DSZK
|e AACR2
|
| 041 |
0 |
|
|a hun
|
| 044 |
|
|
|a xo
|c SK
|
| 080 |
|
|
|a 796.85.071
|x (437.6)
|2 2001
|
| 080 |
|
|
|a 929 Végh, Attila
|2 2001
|
| 100 |
1 |
|
|a Mészáros, Angelika
|4 ivr
|4 aut
|9 266787
|
| 245 |
1 |
0 |
|a A bősi ketrecharcos
|c Mészáros Angelika, Végh Attila
|
| 300 |
|
|
|b Fotogr.
|
| 600 |
1 |
7 |
|a Végh, Attila,
|d 1985-
|2 SNKMA
|9 167383
|
| 650 |
0 |
7 |
|a bojové umenia
|2 SNKPH
|9 3247
|
| 650 |
0 |
7 |
|a majstri bojových umení
|2 SNKPH
|9 104227
|
| 650 |
0 |
7 |
|a osobnosti
|2 SNKPH
|9 29820
|
| 651 |
|
7 |
|a Gabčíkovo (Slovensko)
|2 dszk
|9 23512
|
| 651 |
|
7 |
|a Dunajská Streda (Slovensko : okres)
|2 dszk
|9 145813
|
| 700 |
1 |
|
|a Végh, Attila,
|d 1985-
|4 ive
|4 aut
|9 167383
|
| 773 |
0 |
|
|t Vasárnap
|g Évf. 46, sz. 32 (2013), o. 26-27
|
| 852 |
|
|
|a DSZK
|b KIS3GCP
|
| 958 |
|
|
|a HU
|
| 958 |
|
|
|a SK
|
| 958 |
|
|
|a BX
|
| 999 |
|
|
|c 3306686
|d 3308616
|